000 00470nam a2200181Ia 4500
003 OSt
005 20250205143417.0
008 210210b1965 xxu||||| |||| 00| 0 eng d
040 _cAL
041 _aKannada
082 _a859/1207
100 _aBICHI BALLARI
_9131404
_dಬೀಚಿ.
245 _aMatregalu
_bಮಾತ್ರೆಗಳು
260 _aDharavada
_bSamaja Pustakalaya
_c1946
690 _aKannada Fiction
_9131405
906 _a021948
942 _2ddc
_cBK
999 _c146054
_d146054